000 00263nam a2200109Ia 4500
008 200302s9999 xx 000 0 und d
100 _aChristine Niven & Others
245 _aSouth India
260 _bLonely Planet Publications
260 _c1998
300 _a689 P.,
999 _c1084
_d1084